<?xml version="1.0" encoding="UTF-8"?>
<record
    xmlns:xsi="http://www.w3.org/2001/XMLSchema-instance"
    xsi:schemaLocation="http://www.loc.gov/MARC21/slim http://www.loc.gov/standards/marcxml/schema/MARC21slim.xsd"
    xmlns="http://www.loc.gov/MARC21/slim">

  <leader>02213nam a2200361 a 4500</leader>
  <controlfield tag="001">000027307</controlfield>
  <controlfield tag="003">DO-SdBNP</controlfield>
  <controlfield tag="005">20171023105150.0</controlfield>
  <controlfield tag="007">000027307</controlfield>
  <controlfield tag="008">110331t1995    dr ac         001 0bspa d</controlfield>
  <datafield tag="040" ind1=" " ind2=" ">
    <subfield code="a">BPMSU</subfield>
    <subfield code="b">spa</subfield>
    <subfield code="c">BPMSU</subfield>
  </datafield>
  <datafield tag="082" ind1=" " ind2="4">
    <subfield code="a">972.9304</subfield>
    <subfield code="b">B174p</subfield>
  </datafield>
  <datafield tag="100" ind1="1" ind2=" ">
    <subfield code="a">Balc&#xE1;cer, Juan Daniel,</subfield>
    <subfield code="d">1949-</subfield>
  </datafield>
  <datafield tag="245" ind1="1" ind2="0">
    <subfield code="a">Pensamiento y acci&#xF3;n de los padres de la Patria /</subfield>
    <subfield code="c">Juan Daniel Balc&#xE1;cer.</subfield>
  </datafield>
  <datafield tag="260" ind1="0" ind2=" ">
    <subfield code="a">Santo Domingo :</subfield>
    <subfield code="b">Taller,</subfield>
    <subfield code="c">1995.</subfield>
  </datafield>
  <datafield tag="300" ind1=" " ind2=" ">
    <subfield code="a">111 p. :</subfield>
    <subfield code="b">il. ;</subfield>
    <subfield code="c">22 cm.</subfield>
  </datafield>
  <datafield tag="500" ind1=" " ind2=" ">
    <subfield code="a">Incluye bibliograf&#xED;a y notas al pie de p&#xE1;ginas y al final de cap&#xED;tulos.</subfield>
  </datafield>
  <datafield tag="505" ind1="0" ind2=" ">
    <subfield code="g">Presentaci&#xF3;n .</subfield>
    <subfield code="g">Juan Pablo Duarte : su pensamiento pol&#xED;tico :</subfield>
    <subfield code="t">Para conocer a Duarte --</subfield>
    <subfield code="t">Duarte y el Santo Domingo de su &#xE9;poca --</subfield>
    <subfield code="t">Los fueros de Barcelona --</subfield>
    <subfield code="t">El nacionalista --</subfield>
    <subfield code="t">Contra el intervencionismo --</subfield>
    <subfield code="t">El escritor.</subfield>
  </datafield>
  <datafield tag="505" ind1="0" ind2=" ">
    <subfield code="g">Ram&#xF3;n Mat&#xED;as Mella: el pr&#xF3;cer de La Misericordia :</subfield>
    <subfield code="t">Familia de pr&#xF3;ceres --</subfield>
    <subfield code="t">Los primeros a&#xF1;os --</subfield>
    <subfield code="t">Durante la dominaci&#xF3;n haitiana --</subfield>
    <subfield code="t">Actividades revolucionarias --</subfield>
    <subfield code="t">El trabucazo heroico --</subfield>
    <subfield code="t">Servicio a la patria --</subfield>
    <subfield code="t">Misi&#xF3;n diplom&#xE1;tica --</subfield>
    <subfield code="t">Trayectoria militar --</subfield>
    <subfield code="t">Intrepidez y audacia --</subfield>
    <subfield code="t">En la cima del patriotismo.</subfield>
  </datafield>
  <datafield tag="505" ind1="0" ind2=" ">
    <subfield code="g">Francisco del Rosario S&#xE1;nchez : el m&#xE1;rtir de El Cercado :</subfield>
    <subfield code="t">Nacionalista pragm&#xE1;tico --</subfield>
    <subfield code="t">Los primeros a&#xF1;os --</subfield>
    <subfield code="t">En los afanes revolucionarios --</subfield>
    <subfield code="t">Proclamaci&#xF3;n de la Rep&#xFA;blica --</subfield>
    <subfield code="t">S&#xE1;nchez y Santana --</subfield>
    <subfield code="t">S&#xE1;nchez y B&#xE1;ez --</subfield>
    <subfield code="t">Al margen de la pol&#xED;tica --</subfield>
    <subfield code="t">S&#xE1;nchez y la anexi&#xF3;n --</subfield>
    <subfield code="t">S&#xE1;nchez y Duarte --</subfield>
    <subfield code="t">Redentor y m&#xE1;rtir --</subfield>
    <subfield code="g">Ap&#xE9;ndice: Breve historia de la bandera.</subfield>
  </datafield>
  <datafield tag="600" ind1="1" ind2="4">
    <subfield code="a">DUARTE, JUAN PABLO,</subfield>
    <subfield code="d">1813-1876</subfield>
    <subfield code="x">PENSAMIENTO POL&#xCD;TICO</subfield>
  </datafield>
  <datafield tag="600" ind1="1" ind2="4">
    <subfield code="a">S&#xC1;NCHEZ, FRANCISCO DEL ROSARIO,</subfield>
    <subfield code="d">1817-1861</subfield>
    <subfield code="x">PENSAMIENTO POL&#xCD;TICO</subfield>
  </datafield>
  <datafield tag="600" ind1="1" ind2="4">
    <subfield code="a">MELLA, MAT&#xCD;AS RAM&#xD3;N,</subfield>
    <subfield code="d">1816-1864</subfield>
    <subfield code="x">PENSAMIENTO POL&#xCD;TICO</subfield>
  </datafield>
  <datafield tag="650" ind1=" " ind2="4">
    <subfield code="a">ESTADISTAS</subfield>
    <subfield code="z">REP&#xDA;BLICA DOMINICANA</subfield>
    <subfield code="v">BIOGRAF&#xCD;AS</subfield>
  </datafield>
  <datafield tag="651" ind1=" " ind2="4">
    <subfield code="a">REP&#xDA;BLICA DOMINICANA</subfield>
    <subfield code="x">HISTORIA</subfield>
    <subfield code="y">1844-1930</subfield>
  </datafield>
  <datafield tag="651" ind1=" " ind2="4">
    <subfield code="a">REP&#xDA;BLICA DOMINICANA</subfield>
    <subfield code="x">BIOGRAF&#xCD;AS</subfield>
  </datafield>
  <datafield tag="910" ind1=" " ind2=" ">
    <subfield code="a">Validado. Control de calidad MFF</subfield>
  </datafield>
  <datafield tag="942" ind1=" " ind2=" ">
    <subfield code="2">ddc</subfield>
    <subfield code="c">BK</subfield>
  </datafield>
  <datafield tag="945" ind1=" " ind2=" ">
    <subfield code="a">Inventariado / 2017 VM</subfield>
  </datafield>
  <datafield tag="952" ind1=" " ind2=" ">
    <subfield code="0">0</subfield>
    <subfield code="1">0</subfield>
    <subfield code="2">ddc</subfield>
    <subfield code="4">0</subfield>
    <subfield code="7">0</subfield>
    <subfield code="8">CD</subfield>
    <subfield code="a">BPMET</subfield>
    <subfield code="b">BPMET</subfield>
    <subfield code="d">2015-08-11</subfield>
    <subfield code="e">FUNDI </subfield>
    <subfield code="l">0</subfield>
    <subfield code="o">972.9304    B174p</subfield>
    <subfield code="p">BPMSU15080271</subfield>
    <subfield code="r">2015-08-11</subfield>
    <subfield code="w">2015-08-11</subfield>
    <subfield code="y">BK</subfield>
  </datafield>
  <datafield tag="952" ind1=" " ind2=" ">
    <subfield code="0">0</subfield>
    <subfield code="1">0</subfield>
    <subfield code="2">ddc</subfield>
    <subfield code="4">0</subfield>
    <subfield code="7">0</subfield>
    <subfield code="8">CD</subfield>
    <subfield code="a">BPMET</subfield>
    <subfield code="b">BPMET</subfield>
    <subfield code="d">2015-08-11</subfield>
    <subfield code="e">FUNDI</subfield>
    <subfield code="l">0</subfield>
    <subfield code="o">972.9304    B174p</subfield>
    <subfield code="p">BPMSU15080272</subfield>
    <subfield code="r">2015-08-11</subfield>
    <subfield code="t">e. 2</subfield>
    <subfield code="w">2015-08-11</subfield>
    <subfield code="y">BK</subfield>
  </datafield>
  <datafield tag="952" ind1=" " ind2=" ">
    <subfield code="0">0</subfield>
    <subfield code="1">0</subfield>
    <subfield code="2">ddc</subfield>
    <subfield code="4">0</subfield>
    <subfield code="7">0</subfield>
    <subfield code="8">CD</subfield>
    <subfield code="a">BPMET</subfield>
    <subfield code="b">BPMET</subfield>
    <subfield code="d">2015-08-11</subfield>
    <subfield code="e">FUNDI</subfield>
    <subfield code="l">0</subfield>
    <subfield code="o">972.9304    B174p</subfield>
    <subfield code="p">BPMSU15080273</subfield>
    <subfield code="r">2015-08-11</subfield>
    <subfield code="t">e. 3</subfield>
    <subfield code="w">2015-08-11</subfield>
    <subfield code="y">BK</subfield>
  </datafield>
  <datafield tag="956" ind1=" " ind2=" ">
    <subfield code="a">VMATEO</subfield>
    <subfield code="b">10</subfield>
    <subfield code="c">20110331</subfield>
    <subfield code="l">BND01</subfield>
    <subfield code="h">0934</subfield>
  </datafield>
  <datafield tag="956" ind1=" " ind2=" ">
    <subfield code="a">EMARRERO</subfield>
    <subfield code="b">40</subfield>
    <subfield code="c">20110706</subfield>
    <subfield code="l">BND01</subfield>
    <subfield code="h">1053</subfield>
  </datafield>
  <datafield tag="956" ind1=" " ind2=" ">
    <subfield code="a">VMATEO</subfield>
    <subfield code="b">10</subfield>
    <subfield code="c">20150810</subfield>
    <subfield code="l">BPMSU</subfield>
    <subfield code="h">00151</subfield>
  </datafield>
  <datafield tag="999" ind1=" " ind2=" ">
    <subfield code="c">8160</subfield>
    <subfield code="d">8160</subfield>
  </datafield>
</record>
